meilleur switch in a melmetal protective pads en OU - Statistiques

Statistiques générales
  • Ce quiz a été pris 2 fois
  • Le résultat moyen est 6 sur 12
Statistiques - réponses
Hint Réponse % Correct
40%-47% poing eclair flagadoss
100%
35%-41% surpuissance noacier
100%
28%-33% poing éclair predasterie
100%
40%-48% ecrou d'poing carchacrok
50%
29%-34% poing éclair corvaillus
50%
41%-49% ecrou d'poing demeteros totemique
50%
26%-32% ecrou d'poing dracolosse
50%
34%-41% surpuissance melmetal
50%
22%-26% ecrou d'poing electhor
0%
31%-38% ecrou d'poing exagide
0%
43%-50% ecrou d'poing pyrax
0%
40%-48% ecrou d'poing victini
0%
Aucun quiz correspondant
Distribution des résultats
% des personnes avec chaque résultat
Percentile par nombre de réponses
Votre historique - résultats
Vous n’avez pas pris ce quiz